AK’s General Knowledge A-Z #41 - Statistics

General Stats
  • This quiz has been taken 523 times
  • The average score is 18 of 26
Answer Stats
Hint Answer % Correct
D – zombie TV series The Walking ____ Dead
99%
B – not Clyde, but pretty in Scotland Bonnie
92%
Y – a fever, or the Beatles’ Submarine Yellow
92%
N – a hard-shelled seed, a testicle, or a crazy person Nut
91%
S – home country of Jean-Jacques Rousseau and Toblerone chocolate Switzerland
91%
R – an insecticide, or what Lara Croft does to tombs Raid
89%
W – common to Internet and Spider-Man Web
87%
J – a metal-tipped spear thrown for distance in an athletic field event Javelin
86%
C – Sheryl who sang “If It Makes You Happy”, or a bird of the genus Corvus Crow
80%
K – what the UK did not have for 70 years, or whose tower you try to destroy in Clash Royale King
80%
L – Type your name. Nah, I'm pulling your ___ Leg
79%
H – medical drama TV series that ran from 2004 to 2012, with main character Dr. Gregory _____ played by Hugh Laurie House
76%
G – Anne of _____ Gables, 1908 novel by L. M. Montgomery Green
74%
O – a place where stars, planets and other celestial bodies are viewed Observatory
73%
P – Barack Obama’s memoir A ________ Land Promised
66%
Q – member of the Religious Society of Friends, known for their pacifist views, plain dresses and teetotalism Quaker
66%
I – the name of Pakistan’s capital means “City of _____” Islam
63%
M – first name used by Whitman, former CEO of Hewlett Packard, or Ryan who played Sally in When Harry Met Sally... Meg
62%
U – allegedly the world's largest single rock monolith, located in Australia Uluru
61%
T – “______ Shop”, hit by Macklemore & Ryan Lewis featuring Wanz Thrift
55%
E – country that changed its name in 2018 Eswatini
53%
A – soccer club ________ Madrid, winners of La Liga season 2020–21 Atlético
52%
X – Alfonso Francisco de Asís Fernando Pío Juan María de la Concepción Gregorio Pelayo became Alfonso ___ in 1874 XII
28%
V – Wait! in Danish, or the opening of a volcano in English Vent
24%
F – actor starring in both Harry Potter and Craig-era Bond films Ralph Fiennes
23%
Z – the highest mountain in Germany Zugspitze
14%
No matching quizzes found
Score Distribution
Percent of People with Each Score
Percentile by Number Answered
Your Score History
You have not taken this quiz